| 000 | 01416nam a2200325 4500 | ||
|---|---|---|---|
| 001 | 0000020537 | ||
| 003 | CO-CtgCURN | ||
| 005 | 20250329191012.0 | ||
| 007 | ta | ||
| 008 | 160627s2000 000 0 eng d | ||
| 020 | _a8447014967 | ||
| 040 |
_aCO-CtgCURN _bspa _ccoctgcurn |
||
| 082 | 0 |
_a658.4 _bN19c |
|
| 100 | 1 | _aNavas López, José Emilio. | |
| 245 | 1 | 0 |
_aCasos de dirección estrategica de la empresa / _cJosé Emilio Navas López, Luis Angel Guerras Martin. |
| 250 | _a2a ed. | ||
| 260 |
_aMadrid : _bCivitas, _c2000. |
||
| 300 | _a354 p. | ||
| 336 | _2rdacontent | ||
| 337 |
_2rdamedia _asin mediacion _bn |
||
| 338 |
_2rdacarrier _avolumen _bnc |
||
| 490 | 1 | _aBiblioteca civitas economia y empresa | |
| 500 | _aIncluye preguntas sobre el caso y bibliografia al final de algunos capitulos. | ||
| 505 | 8 | _aTelefonica: Estructura de gobierno y sistemas de retribucion.--Asisa.--El sector del transporte de mercancias por carretera.--La industria farmaceutica.--Cortefiel.--Campofrio.--Tele pizza.--Guadalgas.--Airtel.--Aceralia.--Indra.--El Corte Ingles.--Prisa.--Reposteria Martínez.--La fusion entre el BBV y Argentaria.--Construcciones Aeronauticas.--Mondragon Corporación Cooperativa | |
| 650 | 1 | 4 | _aMercadeo. |
| 700 | 1 | _aGuerras Martin, Luis Angel. | |
| 908 | _a160627 | ||
| 942 |
_cBK _h658.4 _iN19c _2ddc |
||
| 999 |
_c10774 _d10774 |
||